Introduction to solid modeling using SolidWorks 2013 / (Record no. 18531)
[ view plain ]
| 000 -LEADER | |
|---|---|
| fixed length control field | 01007pam a22003011i 4500 |
| 001 - CONTROL NUMBER | |
| control field | 016315470 |
| 003 - CONTROL NUMBER IDENTIFIER | |
| control field | OSt |
| 005 - DATE AND TIME OF LATEST TRANSACTION | |
| control field | 20141102143910.0 |
| 008 - FIXED-LENGTH DATA ELEMENTS--GENERAL INFORMATION | |
| fixed length control field | 130324s2013 XXUa fr 001 0 eng d |
| 020 ## - INTERNATIONAL STANDARD BOOK NUMBER | |
| International Standard Book Number | 9780073522692 |
| 020 ## - INTERNATIONAL STANDARD BOOK NUMBER | |
| International Standard Book Number | 0073522694 |
| 040 ## - CATALOGING SOURCE | |
| Original cataloging agency | StDuBDS |
| Language of cataloging | eng |
| Transcribing agency | StDuBDS |
| Modifying agency | Uk |
| -- | EG-ScBUE |
| 082 00 - DEWEY DECIMAL CLASSIFICATION NUMBER | |
| Classification number | 620.00420285536 |
| Edition number | 22 |
| Item number | HOW |
| 100 1# - MAIN ENTRY--PERSONAL NAME | |
| Personal name | Howard, William E. |
| Fuller form of name | (William Edward), |
| Dates associated with a name | 1957- |
| 9 (RLIN) | 36400 |
| 245 10 - TITLE STATEMENT | |
| Title | Introduction to solid modeling using SolidWorks 2013 / |
| Statement of responsibility, etc | William E. Howard, Joseph C. Musto. |
| 260 ## - PUBLICATION, DISTRIBUTION, ETC. (IMPRINT) | |
| Place of publication, distribution, etc | New York, United States : |
| Name of publisher, distributor, etc | McGraw-Hill Education, |
| Date of publication, distribution, etc | 2013. |
| 300 ## - PHYSICAL DESCRIPTION | |
| Extent | xiii, 384 p. : |
| Other physical details | ill. ; |
| Dimensions | 26 cm. |
| 500 ## - GENERAL NOTE | |
| General note | Index : p. 379-384. |
| 500 ## - GENERAL NOTE | |
| General note | Includes appendixes. |
| 630 00 - SUBJECT ADDED ENTRY--UNIFORM TITLE | |
| Uniform title | SolidWorks |
| 9 (RLIN) | 36401 |
| 650 #0 - SUBJECT ADDED ENTRY--TOPICAL TERM | |
| Topical term or geographic name as entry element | Computer graphics |
| 9 (RLIN) | 3615 |
| 650 #0 - SUBJECT ADDED ENTRY--TOPICAL TERM | |
| Topical term or geographic name as entry element | Engineering models |
| 9 (RLIN) | 7689 |
| 650 #0 - SUBJECT ADDED ENTRY--TOPICAL TERM | |
| Topical term or geographic name as entry element | Computer-aided design |
| 9 (RLIN) | 3588 |
| 653 ## - INDEX TERM--UNCONTROLLED | |
| Resource For college | Engineering, Mechanical |
| Arrived date list | November2014 |
| 655 ## - INDEX TERM--GENRE/FORM | |
| Form subdivision | |
| -- | 34232 |
| 700 1# - ADDED ENTRY--PERSONAL NAME | |
| Personal name | Musto, Joseph C. |
| 9 (RLIN) | 36402 |
| 942 ## - ADDED ENTRY ELEMENTS (KOHA) | |
| Source of classification or shelving scheme | Dewey Decimal Classification |
| Call number prefix | 620.00420285536 HOW |
| Withdrawn status | Item status | Source of classification or shelving scheme | Damaged status | Not for loan | Vendor | Home library | Current library | Shelving location | Date acquired | Total Checkouts | Total Renewals | Full call number | Barcode | Date last seen | Date last borrowed | Koha item type |
|---|---|---|---|---|---|---|---|---|---|---|---|---|---|---|---|---|
| Dewey Decimal Classification | Baccah | Central Library | Central Library | First floor | 02/11/2014 | 2 | 7 | 620.00420285536 HOW | 000036899 | 15/07/2025 | 13/10/2015 | Book - Borrowing |